Jessie Reyez-Apple Juice all lyrics - Statistics

General Stats
  • This quiz has been taken 20 times
  • The average score is 128 of 262
Answer Stats
Answer % Correct
You
100%
A
88%
Home
88%
Love
88%
And
75%
Baby
75%
Blame
75%
Broken
75%
How
75%
I
75%
It's
75%
Just
75%
One
75%
To
75%
Uphill
75%
Ever
63%
Never
63%
No
63%
Right
63%
This
63%
When
63%
Can
50%
Come
50%
Don't
50%
Easy
50%
Goodbye
50%
Gotta
50%
Hate
50%
Let
50%
Me
50%
More
50%
Stand
50%
Taught
50%
Teach
50%
Too
50%
By
38%
Even
38%
I'll
38%
Is
38%
Know
38%
Need
38%
Of
38%
Times
38%
Your
38%
Goodbyes
25%
That
25%
The
25%
Try
25%
Be
13%
Bother
13%
But
13%
Cause
13%
Crying
13%
Eyes
13%
From
13%
Grateful
13%
Had
13%
I'm
13%
I've
13%
Keep
13%
Life
13%
My
13%
Out
13%
Running
13%
Save
13%
Searching
13%
See
13%
Should
13%
Smile
13%
So
13%
Soul
13%
Spent
13%
Stop
13%
Stuck
13%
Take
13%
Though
13%
Trying
13%
Tryna
13%
You're
13%
Ain't
0%
Alright
0%
Always
0%
At
0%
Back
0%
Boy
0%
Coming
0%
Draining
0%
Every
0%
Fighting
0%
For
0%
Mercy
0%
Might
0%
Night
0%
Oh
0%
Perfect
0%
Should've
0%
Something
0%
Stayed
0%
We
0%
We'll
0%
Yeah
0%
No matching quizzes found
Score Distribution
Percent of People with Each Score
Percentile by Number Answered
Your Score History
You have not taken this quiz